000 00631nam a2200241Ia 4500
003 OSt
005 20221007075311.0
006 a|||||r|||| 00| 0
007 ta
008 221006b |||||||| |||| 00| 0 eng d
024 _a10,474
037 _cTextual
040 _aFLL
_cFLL
_beng
041 _2eng
_aeng
082 _aNA:Z251, K9
100 _aShukla Shiv Shankar Au.
_9693751
245 0 _aBuilding bye- laws
250 _a1st
260 _aNew Delhi
_bFederal law dept India
_c1969
300 _a200p
_ccm.
942 _hNA:Z251, K9
_cTEXL
_2CC
999 _c1155532
_d1155532